00484nam a22001937a 450000500170000001000130001702000100003003500130004003700160005304000120006908200130008110000180009424500460011226000420015827000420020030000230024265000160026565000090028120170124110153.0 aA-689016 c60.00 aA-689016 bCen Lib/Ret aDPLbEN a110bNIR aNirmal Kumar  aThe tao of psychology /cby Nirmal Kumar  aBombay bBhartiya Vidya Bhavan c1993 bBombay akulpati munshi marg e400007 av, 169p.c19cm(Hb) aPsychology  aMyth